000 01137cam a2200337 a 4500
001 000004379
003 DO-SdBNP
005 20250318104419.0
007 ta
008 971209s1978 sp 001 f spa
020 _a8426108033
040 _aDO-SdBNP
_bspa
_cBNPHU
041 1 7 _aspa
_heng
082 4 _a822.33
_bS527t 1978
_222
100 1 _aShakespeare, William,
_d1564-1616.
_96748
240 1 4 _aThe tragedy of Romeo and Juliet
_lEspañol
245 1 3 _aLa tragedia de Romeo y Julieta /
_c traducción en verso de Alberto Manent ; prólogo de Carlos Soldevila ; ilustraciones de L. Goñi y J. Azpelicueta.
246 0 4 _aRomeo y Julieta
250 _a3a ed.
260 _aBarcelona :
_bJuventud,
_c1978.
300 _a172 p. :
_bil. ;
_c18 cm.
490 0 _aLibros de bolsillo Z
534 _aTítulo original:
_tThe tragedy of Romeo and Juliet
590 _aInventariado, 2023 /MAA
650 4 _aTeatro inglés
_91071
650 4 _aLiteratura inglesa
_9498
700 1 _aManent, Alberto,
_etr.
_912893
700 1 _aSoldevila, Carlos,
_epról.
_942880
910 _aValidado. Control de calidad. MAA
942 _2ddc
_cLBS1
999 _c4188
_d4188